Introduction to logic / (Record no. 1454)

MARC details
000 -LEADER
fixed length control field 00532nam a2200181 a 4500
003 - CONTROL NUMBER IDENTIFIER
control field BD-DhJNU
005 - DATE AND TIME OF LATEST TRANSACTION
control field 20250306054818.0
008 - FIXED-LENGTH DATA ELEMENTS--GENERAL INFORMATION
fixed length control field 250204s1957 ii a b 001 0 eng
040 ## - CATALOGING SOURCE
Original cataloging agency BD-DhJNU
Language of cataloging ENG
Transcribing agency BD-DhJNU
Modifying agency BD-DhJNU
082 00 - DEWEY DECIMAL CLASSIFICATION NUMBER
Classification number 160 SUI
Edition number 23
100 1# - MAIN ENTRY--PERSONAL NAME
Personal name Suppes, Patrick
245 10 - TITLE STATEMENT
Title Introduction to logic /
Statement of responsibility, etc. Patrick Suppes
260 ## - PUBLICATION, DISTRIBUTION, ETC.
Place of publication, distribution, etc. New York :
Name of publisher, distributor, etc. D. Van Nostrand Company, Inc.,
Date of publication, distribution, etc. 1957.
300 ## - PHYSICAL DESCRIPTION
Extent xviii, 312 p. ;
Dimensions 24 cm.
504 ## - BIBLIOGRAPHY, ETC. NOTE
Bibliography, etc. note Includes bibliographical references and index.
650 #0 - SUBJECT ADDED ENTRY--TOPICAL TERM
Topical term or geographic name entry element logic
942 ## - ADDED ENTRY ELEMENTS (KOHA)
Koha item type Books
Holdings
Withdrawn status Lost status Source of classification or shelving scheme Damaged status Not for loan Collection Home library Current library Shelving location Date acquired Source of acquisition Total checkouts Full call number Barcode Date last seen Price effective from Koha item type
    Dewey Decimal Classification     Non-fiction Jagannath University Central Library Jagannath University Central Library General stacks 03/06/2025 Purchased   160 SUI JNUCL8609 03/06/2025 03/06/2025 Books